| LEADER 00000nam 2200000uu 4500 |
| 001 13399111199 |
| 003 BCNR |
| 008 110329s2551||||th 000 0 tha d |
| 041 0 tha
|
| 060 04 WA540.JT3^bพ371 2551
|
| 245 00 พระราชบัญญัติสุขภาพแห่งชาติ พ.ศ. 2550 /^cสำนักงานคณะกรรมการสุขภาพแห่งชาติ (สช.)
|
| 250 พิมพ์ครั้งที่ 4
|
| 260 [กรุงเทพฯ] :^bสหพัฒนไพศาล,^c2551
|
| 300 032 หน้า ;^c21 ซม.
|
| 650 7 สุขภาพ^vกฎหมายและระเบียบข้อบังคับ
|
| 650 7 พระราชบัญญัติสุขภาพแห่งชาติ
|
| 650 7 นโยบายด้านสุขภาพ
|
| 650 7 สมัชชาสุขภาพ
|
| 650 7 สุขภาพ^vกฎหมายและระเบียบข้อบังคับ^zไทย
|
| 710 2 สำนักงานคณะกรรมการสุขภาพแห่งชาติ (สช.)
|
| 999 ^aบรรณารักษ์
|